000 01131nam a2200313 a 4500
001 BRCA_7522
005 20190320205855.0
008 160513s1948----sp-a###f##---#001-0#spa-#
041 _aspa
044 _asp
050 4 _aDP302.S4
_b.O78 1948
100 1 _aOrtiz Muñoz, Luis
_918555
245 1 0 _aSemana Santa en Sevilla
_cintroducción y acotaciones literarias de Luis Ortiz Muñoz ; antología fotográfica de Luis Arenas ; prólogo de Joaquín Romero y Murube ; portada e ilustraciones de Antonio Cobos.
250 _a2
260 _aMadrid
_bL. Ortiz Muñoz
_c1948
300 _axxii, 346 p.
_bil., 208 láminas
_c31 cm.
500 _aIncluye índice analítico e índice de láminas
500 _aR72
504 _aBibliografía p. 309-312
650 1 4 _aFiestas religiosas
_zEspaña
_918556
650 1 4 _aSemana Santa
_vCulto
_918557
651 4 _aSevilla, España
_xDescripción
_918558
651 4 _aEspaña
_xDescripción y viajes
_97912
700 1 _aArenas, Luis
_efot.
_918559
700 1 _aRomero y Murube, Joaquín
_epról.
_911663
700 1 _aCobos, Antonio
_eil.
_918560
902 _aGFM
942 _2lcc
_cB
999 _c7196
_d7196